000 00883nam a2200229Ia 4500
999 _c39444
_d39444
001 6035
003 GE_BSU
005 20190906113153.0
008 181216s1991||||ge |||||||||||||| ||geo||
040 _cGE_BSU
041 _ageo
080 _a821.353.1-32 ა-30
100 _aავალიანი, გიორგი
_93906
245 _aშავგენ :
_b[რომანი ; მოთხრობები] /
_cგიორგი ავალიანი ; რედ. ოთარ დემეტრაშვილი.
264 _aთბილისი :
_bმერანი ;
_c1991.
300 _a668 გვ. ;
_c20 სმ.
653 _aშავგენ
653 _a[რომანი]
653 _a[მოთხრობები]
700 _aდემეტრაშვილი, ოთარ
_eრედაქტორი
_93907
942 _cBK
_2udc